Společné rysy : Jitka Géringová, Jan Řezáč

Hlavní autor: Géringová, Jitka, 1969-
Další autoři: Řezáč, Jan, 1972-
Jazyk: Čeština
Vydáno: V Ústí nad Labem : UJEP, 2008
Vydání: Vyd. 1.
Témata:
Fyzický popis: 1 složený l. ([12] s.) : barev. il. ; 14 cm + 1 CD-ROM
Knihy
Uloženo v:
LEADER 01852nam a2200517 a 4500
001 nkc20091931627
003 CZ PrNK
005 20100701101120.0
007 ta
008 090528s2008 xr a e c 000 0ccze
015 |a cnb001931627 
020 |a 978-80-7414-103-4  |q (skládanka) 
035 |a (OCoLC)505914005 
040 |a BOA001  |b cze  |d ABA001 
043 |a e-xr--- 
045 |a y-y- 
072 7 |a 75  |x Malířství  |2 Konspekt  |9 21 
080 |a 75(437.3)  |2 MRF 
080 |a 75.036/.038  |2 MRF 
080 |a (437.3)  |2 MRF 
080 |a (083.824)  |2 MRF 
100 1 |a Géringová, Jitka,  |d 1969-  |7 jn20000400834  |4 art 
245 1 0 |a Společné rysy :  |b Jitka Géringová, Jan Řezáč 
246 3 |a Jan Řezáč, Jitka Géringová 
246 3 0 |a Jitka Géringová, Jan Řezáč 
250 |a Vyd. 1. 
260 |a V Ústí nad Labem :  |b UJEP,  |c 2008 
300 |a 1 složený l. ([12] s.) :  |b barev. il. ;  |c 14 cm +  |e 1 CD-ROM 
500 |a Životopisná data, přehled výstav a zastoupení ve sbírkách 
500 |a 400 výt. 
600 1 7 |a Géringová, Jitka,  |d 1969-  |7 jn20000400834  |2 czenas 
600 1 7 |a Řezáč, Jan,  |d 1972-  |7 jn20000403065  |2 czenas 
648 7 |a 21. století  |7 ch460559  |2 czenas 
650 0 7 |a české malířství  |7 ph116864  |y 21. stol.  |2 czenas 
650 0 7 |a moderní malířství  |7 ph122940  |z Česko  |2 czenas 
650 0 9 |a Czech painting  |y 21st century  |2 eczenas 
650 0 9 |a modern painting  |z Czechia  |2 eczenas 
655 7 |a katalogy výstav  |7 fd132536  |2 czenas 
655 9 |a exhibition catalogs  |2 eczenas 
700 1 |a Řezáč, Jan,  |d 1972-  |7 jn20000403065  |4 art 
910 2 |a BOA001  |b S-1224.442 
928 9 |a Univerzita J.E. Purkyně v Ústí nad Labem 
990 |a BK 
995 |a 01 
991 |b 200906  |c NOV 
996 6 |b 2610379826  |c S-1224.442  |l MZK  |r Sklad / do 24 hodin  |n 0  |p p.v.  |w 000941807  |u 000010  |a 1  |e BOA001  |j MZK50  |s P